| 000 | 00994nmc a2200313 a 4500 | ||
|---|---|---|---|
| 003 | AR-X00000XY | ||
| 005 | 20251128211915.0 | ||
| 008 | 137020s1999 ||||||||||||||000 | spa|| | ||
| 020 | _a958-8052-36-X | ||
| 040 | _cAR-X00000XY | ||
| 100 | 1 | _aRamírez Villamizar, Eduardo | |
| 245 | 1 | 0 | _aRamírez Villamizar, pintor |
| 260 |
_aBogotá _bMuseo Nacional de Colombia _c1999 |
||
| 300 | 0 |
_a96 p. _bláms. |
|
| 490 | 0 | _aColección exposiciones temporales : arte, historia, ciencia | |
| 500 | 0 | _aDonación de la Embajada de Colombia en Buenos Aires | |
| 500 | 0 | _aIncluye : Cronología resumida en p. 81-85 y Lista de exposiciones en p. 86-90 | |
| 500 | 0 | _aEn portada: 'Programa homenajes nacionales' | |
| 504 | _aContiene bibliografía escogida en p. 91-96 | ||
| 650 | 4 | _aPINTORES | |
| 650 | 4 | _aPINTURA | |
| 650 | 4 | _aESCULTURA | |
| 650 | 4 | _aARTE LATINOAMERICANO | |
| 650 | 4 | _aARTE CONTEMPORANEO | |
| 650 | 4 | _aPINTURA | |
| 651 | 4 | _aColombia | |
| 942 | _cBK | ||
| 998 | _cNancy | ||
| 999 |
_c21569 _d21569 |
||